[Event "Tarragona Province-ch"]
[Site "Tarragona"]
[Date "2015.11.22"]
[Round "8"]
[White "Vizcaino Pero, David"]
[Black "Guasch Murtra, Josep Maria"]
[Result "1-0"]
[WhiteElo "2062"]
[BlackElo "2156"]
[PlyCount "63"]
[EventDate "2015.09.27"]
[EventType "swiss"]
[EventRounds "9"]
[EventCountry "ESP"]
[SourceTitle "EXT 2017"]
[Source "ChessBase"]
[SourceDate "2016.10.25"]
[SourceVersion "1"]
[SourceVersionDate "2016.10.25"]
[SourceQuality "1"]

1. e4 d5 2. exd5 Qxd5 3. Nc3 Qd8 4. d4 g6 5. Nf3 Bg7 6. Bf4 Nh6 7. Qd2 Nf5 8. 0-0-0 a6 9. Bc4 b5 10. Bb3 0-0 11. h4 Nc6 12. Bd5 Bb7 13. h5 b4 14. Bxc6 Bxc6 15. Ne2 Bxf3 16. gxf3 Qd5 17. hxg6 fxg6 18. Qxb4 Qxf3 19. Qc4+ Kh8 20. Be5 Qxf2 21. Nf4 Bxe5 22. Nxg6+ Kg7 23. Nxe5 h6 24. Rdg1+ Kh7 25. Ng4 Qf4+ 26. Kb1 Rad8 27. Qxa6 Rd6 28. Qe2 Nxd4 29. Qg2 Nf3 30. Nxh6 Nxg1 31. Nf5+ Rh6 32. Qg7# 1-0

[Event "Tarragona op 8th"]
[Site "Tarragona"]
[Date "2007.08.19"]
[Round "2"]
[White "Vizcaino Pero, David"]
[Black "Marzolo, Cyril"]
[Result "0-1"]
[WhiteElo "2034"]
[BlackElo "2491"]
[PlyCount "50"]
[EventDate "2007.08.18"]
[EventType "swiss"]
[EventRounds "9"]
[EventCountry "ESP"]
[SourceTitle "CBM 119 Extra"]
[Source "ChessBase"]
[SourceDate "2007.09.04"]
[SourceVersion "1"]
[SourceVersionDate "2007.09.04"]
[SourceQuality "1"]

1. e4 e6 2. d4 d5 3. Nc3 Nf6 4. Bg5 dxe4 5. Bxf6 gxf6 6. Nxe4 f5 7. Nc3 Bg7 8. Nf3 b6 9. Ne5 Bb7 10. Qh5 Bxe5 11. dxe5 Qd4 12. Qe2 Nd7 13. Rd1 Qxe5 14. Qxe5 Nxe5 15. Nb5 Ke7 16. f3 a6 17. Nc3 b5 18. Kf2 c5 19. a4 b4 20. Ne2 Rhd8 21. Ke1 Nc4 22. Nc1 Rxd1+ 23. Kxd1 Nxb2+ 24. Ke1 Nxa4 25. Nb3 Bd5 0-1

[Event "Tarragona-ch"]
[Site "Tarragona"]
[Date "2003.??.??"]
[Round "5"]
[White "Mestieri Rius, Gabriel"]
[Black "Vizcaino Pero, David"]
[Result "1-0"]
[WhiteElo "2095"]
[BlackElo "1945"]
[PlyCount "29"]
[EventDate "2003.??.??"]
[EventType "swiss"]
[EventRounds "9"]
[EventCountry "ESP"]
[SourceTitle "EXT 2007"]
[Source "ChessBase"]
[SourceDate "2006.11.23"]
[SourceVersion "1"]
[SourceVersionDate "2006.11.23"]
[SourceQuality "1"]

1. e4 e5 2. Nf3 Nc6 3. d4 exd4 4. Bc4 d6 5. Nxd4 Nf6 6. Nc3 g6 7. Bg5 Bg7 8. Nxc6 bxc6 9. e5 Qe7 10. 0-0 dxe5 11. Qf3 Bd7 12. Ne4 Bg4 13. Nxf6+ Bxf6 14. Qxc6+ Kf8 15. Bxf6 1-0